[Event "Belisce Metalis op 6th"]
[Site "Belisce"]
[Date "1999.02.25"]
[Round "2"]
[White "Feletar, Darko"]
[Black "Petrovic, Silvije"]
[Result "1/2-1/2"]
[WhiteElo "2376"]
[BlackElo "2196"]
[PlyCount "57"]
[EventDate "1999.02.??"]
[EventType "swiss"]
[EventRounds "7"]
[EventCountry "CRO"]
[SourceTitle "EXT 2000"]
[Source "ChessBase"]
[SourceDate "1999.11.16"]
[SourceVersion "1"]
[SourceVersionDate "1999.11.16"]
[SourceQuality "1"]

1. e4 e6 2. d4 d5 3. Nd2 dxe4 4. Nxe4 Bd7 5. Nf3 Bc6 6. Ned2 Nf6 7. Bd3 Be7 8. 0-0 0-0 9. Qe2 Nbd7 10. Rd1 Bxf3 11. Nxf3 c6 12. c3 Qc7 13. Ne5 Nxe5 14. dxe5 Nd7 15. Bf4 Nc5 16. Bc2 Rfd8 17. b4 Nd7 18. Rd3 Nf8 19. Rh3 g6 20. Qe4 Rd5 21. Bb3 Rd7 22. Rf3 Qd8 23. Be3 Bg5 24. Bd4 a5 25. Bc5 Be7 26. Be3 Bg5 27. Bc5 Be7 28. Be3 Bg5 29. Bc5 1/2-1/2

[Event "Zadar op"]
[Site "Zadar"]
[Date "1998.??.??"]
[Round "4"]
[White "Lazovic, Gordan"]
[Black "Petrovic, Silvije"]
[Result "1-0"]
[WhiteElo "2305"]
[BlackElo "2175"]
[PlyCount "49"]
[EventDate "1998.12.??"]
[EventType "swiss"]
[EventRounds "9"]
[EventCountry "CRO"]
[SourceTitle "EXT 2000"]
[Source "ChessBase"]
[SourceDate "1999.11.16"]
[SourceVersion "1"]
[SourceVersionDate "1999.11.16"]
[SourceQuality "1"]

1. e4 d5 2. exd5 Nf6 3. d4 Nxd5 4. c4 Nb6 5. Nf3 Bg4 6. c5 N6d7 7. Bc4 e6 8. h3 Bh5 9. Be3 Be7 10. Nc3 0-0 11. g4 Bg6 12. h4 h5 13. Ng5 Nf6 14. gxh5 Bxh5 15. Be2 Bxe2 16. Qxe2 Nc6 17. 0-0-0 Nb4 18. d5 Nbxd5 19. Nxd5 exd5 20. Bd4 g6 21. Rhe1 Re8 22. Qf3 c6 23. Bxf6 Bxf6 24. Rxe8+ Qxe8 25. Qxf6 1-0